000 00717nam a2200265Ia 4500
005 20260302115734.0
008 008 260114s9999 xx 000 0 eng d
020 _a9798216170617
037 _aTextbook
040 _aCRL
040 _beng
040 _cCRL
041 _2eng
041 _aeng
084 _qCRL
100 _aJoseph A. Melusky, Editor
_91122509
245 0 _aCapital Punishment An Encyclopedia of History, Politics, Culture, and the Law
260 _bBloomsbury
260 _bBloomsbury Academic
260 _c2024
650 _aLaw
856 _uhttps://doi.org/10.5040/9798216170617?locatt=label:secondary_bloomsburyCollections
942 _cEBOOK
999 _c1687297
_d1687297